000 00741cam a22002773 4500
001 95647
005 20230410105335.0
008 871112s1972 nyu 000 0 eng d
035 _a(OCoLC)ocn185436713
040 _aS3O
_bswe
_cS3O
020 _a0030859964
020 _a9780030859960
035 _a(OCoLC)185436713
084 _aQad-qa
_2kssb/5
050 1 4 _aH885s 1972
100 1 _aHudson, Michael,
_d1939-
245 0 0 _aSuper imperialism :
_bthe economic strategy of American empire.
260 _aNew York,
_c1972.
300 _axxx, 304 s.
650 4 _aCRV
650 4 _aColección Ren Villarreal
650 7 _aImperialism
_zFèorenta staterna.
_2KBslagord
942 _2lcc
_cbk
966 _aRCH
994 _aC0
_bDRFGD
999 _c34733
_d34733